Law of Contract / (Record no. 465)
[ view plain ]
| 000 -LEADER | |
|---|---|
| fixed length control field | 00472nam a22001577a 4500 |
| 005 - DATE AND TIME OF INPUT | |
| control field | 20231109091328.0 |
| 008 - DATA ELEMENTS--GENERAL INFORMATION | |
| fixed length control field | 231109b |||||||| |||| 00| 0 eng d |
| 041 ## - LANGUAGE CODE | |
| Language code of text | English |
| 082 ## - SHELF NUMBER | |
| DDC number | 346.2 LAW |
| 100 ## - MAIN AUTHOR | |
| Main author's name | Rensburg, ADJ and van der Merwe, SWJ |
| Language of a work | English |
| 245 ## - TITLE STATEMENT | |
| Title | Law of Contract / |
| Statement of responsibility, etc. | ADJ Rensburg and SWJ van der Merwe |
| 260 ## - PUBLICATION, DISTRIBUTION, ETC. | |
| Date of publication, distribution, etc. | 2005 |
| 300 ## - PHYSICAL DESCRIPTION | |
| Other physical details | v, 96 pages ; |
| Dimensions | 30 cm. |
| 650 ## - SUBJECT` | |
| Broad subject | Legal practice |
| Own subject terms | Law |
| 942 ## - ADDED ENTRY ELEMENTS (KOHA) | |
| Item type | Books |
| 942 ## - ADDED ENTRY ELEMENTS (KOHA) | |
| -- | ALISON_BN_VRIES |
| Source of classification or shelving scheme | Not for loan | Collection code | Home library | Current library | Shelving location | Date acquired | Full call number | Barcode | Price effective from | Koha item type |
|---|---|---|---|---|---|---|---|---|---|---|
| Dewey Decimal Classification | TEXT BOOKS | LAW SOCIETY OF NAMIBIA LIBRARY - WINDHOEK | LAW SOCIETY OF NAMIBIA LIBRARY - WINDHOEK | Contract law | 11/09/2023 | 346.2 LAW | LSN/2009/52 | 11/09/2023 | Books |
